000 00572cam a22001811 4500
001 000004755
005 20200929151510.0
008 821027s1951 fr 000 0 fre
040 _aDO-SdBNP
_bspa
_cBNPHU
082 _a843.91
_bM495c
100 1 _aMeersch, Maxence van der,
_d1907-1951.
_913818
245 1 0 _aCuerpos y almas /
_cMaxence van der Meersch.
260 _aParís :
_bA. Michel,
_c1951.
300 _a243 p. ;
_c19 cm.
500 _aBasada en la novela del autor de que el mismo título
650 4 _aNovela francesa
_91075
650 4 _aLiteratura francesa
_91074
999 _c4561
_d4561